Atlas Falls - Shinedown - All Lyrics - Statistics

General Stats
  • This quiz has been taken 12 times
  • The average score is 186 of 254
Answer Stats
Answer % Correct
a
100%
all
100%
And
100%
and
100%
at
100%
Atlas
100%
carry
100%
falls
100%
I
100%
The
100%
the
100%
up
100%
us
100%
way
100%
will
100%
But
83%
can
83%
If
83%
I’ll
83%
I'll
83%
is
83%
make
83%
me
83%
never
83%
of
83%
on
83%
on)
83%
rise
83%
to
83%
we
83%
you,
83%
you
83%
always
67%
awakening
67%
back
67%
'Cause
67%
crescendo,
67%
crescendo
67%
Don't
67%
down
67%
finding
67%
For
67%
friend
67%
give
67%
hold
67%
it
67%
It
67%
look
67%
No,
67%
not
67%
now
67%
now)
67%
part
67%
past
67%
pull
67%
so
67%
take
67%
taken
67%
too
67%
unknown
67%
We'll
67%
we've
67%
who
67%
won't
67%
your
67%
days
50%
Deciding
50%
gravity's
50%
I’m
50%
(I'm
50%
Just
50%
just
50%
left
50%
long
50%
much
50%
our
50%
outside
50%
placebos
50%
push
50%
right
50%
stake
50%
There’s
50%
trust
50%
Unless
50%
unlock
50%
weight
50%
with
50%
above
33%
already
33%
clouds
33%
clouds)
33%
die
33%
forward
33%
head
33%
impossible
33%
Keep
33%
(Keep
33%
lift
33%
moving
33%
only
33%
quiet
33%
release
33%
Return
33%
salt
33%
sea
33%
stand
33%
that
33%
trap
33%
future
17%
tall
17%
No matching quizzes found
Score Distribution
Percent of People with Each Score
Percentile by Number Answered
Your Score History
You have not taken this quiz